50 Best Rap Songs of 2024 - Statistics

General Stats
  • This quiz has been taken 254 times
  • The average score is 12 of 50
Answer Stats
Hint Answer % Correct
13 - Kendrick Lamar Not Like Us
93%
1 - Future Like That
81%
2 - Kendrick Lamar tv off
62%
12 - Kendrick Lamar euphoria
61%
6 - Kendrick Lamar luther
58%
41 - Kendrick Lamar meet the grahams
50%
9 - Kendrick Lamar squabble up
49%
40 - Tyler, The Creator Like Him
46%
25 - Tyler, The Creator Sticky
46%
36 - Future Type Shit
44%
50 - Kanye West CARNIVAL
43%
10 - 21 Savage redrum
41%
28 - Drake Family Matters
40%
34 - Tyler, The Creator St. Chroma
38%
16 - Kendrick Lamar reincarnated
33%
8 - Tyler, The Creator Darling, I
32%
4 - Kendrick Lamar gloria
31%
43 - Drake Push Ups
30%
20 - Kanye West BURN
29%
7 - Juice WRLD Empty Out Your Pockets
29%
14 - Future Cinderella
25%
29 - Kendrick Lamar wacced out murals
25%
37 - Tyler, The Creator Rah Tah Tah
23%
30 - Future We Dont Trust You
23%
26 - Kendrick Lamar hey now
22%
24 - Kendrick Lamar heart pt 6
19%
23 -.Kendrick Lamar dodger blue
18%
33 - Tyler, The Creator Take Your Mask Off
18%
15 - Tyler, The Creator Thought I Was Dead
17%
18 - Future Young Metro
17%
48 - ScHoolboy Q THank God 4 Me
11%
32 - Juice WRLD The Party Never Ends
11%
35 - Juice WRLD Misfit
9%
5 - J. Cole Trae The Truth In Ibiza
9%
21 - Juice WRLD Barbarian
7%
49 - Doechii Nissan Altima
7%
3 - Juice WRLD Party By Myself
7%
47 - 21 Savage Prove It
7%
38 - Future GTA
6%
17 - Juice WRLD Adore You
4%
27 - Juice WRLD Both Ways
4%
46 - Juice WRLD Cavalier
4%
45 - Juice WRLD Celebrate
4%
19 - J. Cole Huntin Wabbitz
4%
22 - Juice WRLD World Tour
4%
11 - Juice WRLD Cuffed
3%
39 - J. Cole Stealth Mode
3%
42 - Juice WRLD Floor It
2%
31 - ScHoolboy Q Yeern 101
2%
44 - Snoop Dogg Gorgeous
1%
No matching quizzes found
Score Distribution
Percent of People with Each Score
Percentile by Number Answered
Your Score History
You have not taken this quiz